000 01541cam a22004574i 4500
003 PE-LiUPU
005 20250731184542.0
008 150623s r 000 0 d
020 _a0679030093
035 _a(Sirsi) i9780679030096
040 _aPE-LiUPU
_bspa
_cPE-LiUPU
_erda
049 _aPRUA
082 0 4 _a956.94
_bF33
_221
245 0 0 _aFodor's exploring Israel /
_cAndrew Sanger ed.
264 1 _anNew York, NY :
_bFodor's Travel Publications,
_c1996.
300 _a288 páginas :
_bilustraciones fotos, mapas ;
_c22 centímetros
336 _atext
_2rdacontent
337 _aunmediated
_2rdamedia
338 _avolume
_2rdacarrier
505 0 _aQuick reference. My Israel. Israel is. Israel was. A to z. Travel facts. Hotels and restaurants.
526 _aP136
526 _aP135
526 _aP134
526 _aP133
526 _aP144
526 _aP143
526 _aP87
526 _aP35
526 _aP20
526 _aP14
526 _aP10
526 _aP06
651 _aIsrael
_xDescripciones y viajes
_vGuías.
700 1 _aAndrew Sanger,
_eed.
942 _2ddc
_cBOOK
949 _a956.94 F33
_wDEWEY
_c1
_i51457
_lCCODEBUL1
_mBUL
_p15.00
_r0
_sY
_tBOOK
_u2015-6-24
_xTEOLOGIA
_PP35
_0COMPRA
_o.STAFF. Colección General
994 _aC0
_bPEPRU
596 _a1
999 _a956.94 F33
_wDEWEY
_c33178
_i51457
_f2021-11-12
_g5
_lCCODEBUL1
_mBUL
_p15.00
_r0
_sY
_tBOOK
_u2015-6-24
_xTEOLOGIA
_PP35
_0COMPRA
_o.STAFF. Colección General
_d33178
980 _81
_gALBERTO SANCHEZ Responsable de Automatización